Movies Quiz

Random Movies or Disney Quiz
Score 0/26 Timer 08:00
0 Plays Today
% Correct
The Jungle Book
92%
The Sword in the Stone
91.3%
The Many Adventures of Winnie the Pooh
90.5%
The Little Mermaid
79.9%
Brother Bear
79.5%
Treasure Planet
76.2%
Beauty and the Beast
74.9%
The Aristocats
73.1%
Hercules
73%
Cinderella
70.4%
Lilo & Stitch
69.8%
The Lion King
69%
The Black Cauldron
67%
% Correct
Wreck-It Ralph
64.4%
Aladdin
63.8%
Sleeping Beauty
59.4%
Bolt
58.2%
Robin Hood
54.1%
Mulan
52.5%
Frozen
48.9%
Pinocchio
48.5%
The Fox and the Hound
48.1%
Lady and the Tramp
48%
The Emperor's New Groove
47.4%
Tangled
44.7%
Snow White and the Seven Dwarfs
33.4%
Remove Ads.
Support Sporcle.
Get the best of Sporcle when you Go Orange. This ad-free experience offers more features, more stats, and more fun while also helping to support Sporcle. Thank you for becoming a member.

You're not logged in!

Compare scores with friends on all Sporcle quizzes.
OR
Log In

Show Comments

Extras

Top Quizzes Today


Score Distribution

Your Account Isn't Verified!

In order to create a playlist on Sporcle, you need to verify the email address you used during registration. Go to your Sporcle Settings to finish the process.

Report this User

Report this user for behavior that violates our Community Guidelines.

Details: